| 000 | 00615nam a2200181 i 4500 | ||
|---|---|---|---|
| 001 | 93403 | ||
| 003 | ES-MaACL | ||
| 005 | 20230906181213.0 | ||
| 007 | t| | ||
| 008 | 050526s1920 xxk |||| | eng d | ||
| 100 | 1 |
_aQuennell, Marjorie. _994517 |
|
| 245 | 1 | 2 |
_aA history of everyday things in England / _cwritten and illustred by Marjorie and C.H.B. Quennell. |
| 260 |
_a[S.l. : _bs.n.], _c1920 ( _eEdinburgh : _fMorrison and Gibb) |
||
| 300 |
_a2 t. en 1 v. : _bil. ; _c23 cm. |
||
| 651 | 4 |
_aInglaterra- _xUsos y costumbres. _98845 |
|
| 700 | 1 |
_aQuennell, Charles Henry Bourne. _994516 |
|
| 852 |
_aES-MaACL _jF-5517 |
||
| 999 |
_c93403 _d93403 |
||